1766 1143 1454 1731 1531 1621 1424 1550 1329 1512 1621 1208 1297 1648 1851 1140 1202 1111 1308 1704 1433 1333 1367 1032 1694 1929 1987 1422 1786 1665 1287 1253 1088 1145 1207 1236 1172 1496 1453 1235 1072 1462 1300 1343 1955 1722 1812 1731 1339 1297 1724 1186 1103 1436 1211 1704 1835 1343 1049 1220 1694 1245 1916 1407 1852 1802 1238 1473 1672 1898 1581 1168 1767 1550 1198 1821 1712 1398 1042 1884 1509 1470 1674 1088 1853 1229 1587 1850 1909 1171 1170 1998 1057 1510 1200 1995 1078 1455 1407 BCNSPRNW ULIB Ver.6.0+V

เปลี่ยนเป็นภาษาไทย

Change to English
 แสดงรายละเอียดบรรณานุกรม
  กลับหน้าหลัก

Brief Record : Get Marc (ISO 2709) : E-mail record : QR code < ปิดหน้าต่าง
LEADER : 00000nam 2200000uu 4500
001    13399111720
003     ULIB
008    110707s2554||||th 000 0 tha d
024    9786160603428
090    นว.^bอ525อ 2554
100 0  อัญชรีย์
245 00 Aroma...กลิ่นกรุ่นอุ่นหัวใจ/^cอัญชรีย์
250    พิมพ์ครั้งที่ 4
260    กรุงเทพฯ :^bแจ่มใส,^c2554
300    248 หน้า
945    ^p159^l0^i18288
995     เกษร
999     ^aใช้งานได้ทุกระบบ
รายการนี้ยังไม่มีแท็ก
คุณยังไม่ได้ล็อกอิน คุณสามารถมีกิจกรรมร่วมกับเว็บไซต์ได้ แต่ต้องล็อกอินก่อน ::
  ล็อกอิน

รายการสื่อสารสนเทศ

ลำดับที่ ประเภท เลขเรียก/บาร์โค้ด สถานที่ สถานะ
1. นวนิยาย
นวนิยาย
นว. อ525อ 2554  
  Barcode: 18288
ห้องสมุดวิทยาเขตสวรรค์ประชารักษ์
►นวนิยาย
บนชั้น
  ขอยืม

รายการใกล้เคียง
    ผู้แต่ง [อัญชรีย์]

BibComment


ยังไม่เคยถูกคอมเมนท์

คอมเมนท์ทรัพยากรรายการนี้
  คอมเมนท์: Aromaกลิ่นกรุ่นอุ..


 Copyright 2026. Bcnsprnw @Library